00989nam a2200289 i 4500001001000000003000900010005001700019007000300036008004100039020001800080040003000098041000800128082002300136100004400159245005500203264011100258300002700369336002700396337003300423338003000456490003400486490003200520500003400552650002400586650002600610830006300636000048366DO-SdBNP20251030144229.0ta190213s2016 dr r 000 0 spa d a9789945484229 aDO-SdBNPbspacBNPHUerda aspa 4aRD861.5bF633a2221 aFlorentino, Ysabel,d1981-eautor4aut.10aÁngeles grises :bpoesía /cYsabel Florentino. 4aSan Cristóbal, República Dominicana :bFundación Literaria Aníbal Montaño (FLAM), Inc.,c©2016. a56 páginas ;c24 cm. atextobtxt2rdacontent asin mediaciónbn2rdamedia avolumen bnc2rdacarrier1 aSerie La poética del Barrio1 aColección Marca Provincia aFLAM 20 Aniversario 1997-2017 4aPoesía dominicana 4aLiteratura dominicana 0aSerie La poética del BarriopColección Marca Provincia